Kisah-kisah terbaik Al-Quran pertamaku (Record no. 122922)

MARC details
000 -LEADER
fixed length control field 00727nam a2200241 i 4500
001 - CONTROL NUMBER
control field C2-0322679
003 - CONTROL NUMBER IDENTIFIER
control field PPAK
005 - DATE AND TIME OF LATEST TRANSACTION
control field 20180728121512.0
008 - FIXED-LENGTH DATA ELEMENTS--GENERAL INFORMATION
fixed length control field 130818s2013 my a|||| ||||| | may d
020 ## - INTERNATIONAL STANDARD BOOK NUMBER
International Standard Book Number 9789670414768
040 ## - CATALOGING SOURCE
Original cataloging agency PPAK
Language of cataloging eng
Transcribing agency PPAK
Description conventions rda
082 04 - DEWEY DECIMAL CLASSIFICATION NUMBER
Classification number 297.1222
Edition number 23
090 00 - LOCALLY ASSIGNED LC-TYPE CALL NUMBER (OCLC); LOCAL CALL NUMBER (RLIN)
Classification number (OCLC) (R) ; Classification number, CALL (RLIN) (NR) 297.1222
Feature heading KHA
Feature heading K
100 1# - MAIN ENTRY--PERSONAL NAME
Personal name Khan, Saniyasnain,
Relator term author
245 10 - TITLE STATEMENT
Title Kisah-kisah terbaik Al-Quran pertamaku
264 #1 - PRODUCTION, PUBLICATION, DISTRIBUTION, MANUFACTURE, AND COPYRIGHT NOTICE
Place of production, publication, distribution, manufacture Hulu Selangor, Selangor :
Name of producer, publisher, distributor, manufacturer Darul Mughni ,
Date of production, publication, distribution, manufacture, or copyright notice 2013
300 ## - PHYSICAL DESCRIPTION
Extent 317 pages :
Other physical details colour illustrations ;
Dimensions 19 cm
336 ## - CONTENT TYPE
Source rdacontent
Content type term text
337 ## - MEDIA TYPE
Source rdamedia
Media type term unmediated
338 ## - CARRIER TYPE
Source rdacarrier
Carrier type term volume
650 10 - SUBJECT ADDED ENTRY--TOPICAL TERM
Topical term or geographic name entry element Koran stories, English - Translations into Malay.
942 ## - ADDED ENTRY ELEMENTS (KOHA)
-- dc
Koha item type Book
Holdings
Withdrawn Not for loan Current library Shelving location Date acquired Total Checkouts Total Renewals Full call number Barcode Date last seen Date last checked out Koha item type
    Perpustakaan Awam Sungai Petani Pinjaman Kanak-kanak 25/08/2013 24 4 K 297.1222 KHA A01422500 23/05/2026 04/05/2026 Book
    Perpustakaan Bandar Baharu Pinjaman Kanak-kanak 25/08/2013     K 297.1222 KHA A01422505 09/05/2018   Book
    Perpustakaan Merbok Pinjaman Kanak-kanak 25/08/2013 6 1 K 297.1222 KHA A01422508 22/07/2024 08/07/2024 Book
    Perpustakaan Sik Pinjaman Kanak-kanak 24/10/2013 3 1 K 297.1222 KHA A01416640 29/03/2026 22/02/2026 Book
    Perpustakaan Yan Pinjaman Kanak-kanak 25/08/2013 4   K 297.1222 KHA A01422506 14/04/2021 25/03/2021 Book
    PD03, Kg. Pulau Pisang, Jitra Pinjaman Kanak-kanak 20/04/2014     K 297.1222 KHA A01439047 09/05/2018   Book
    PD06, Kg. Kepala Bukit, Pendang Pinjaman Kanak-kanak 24/03/2014     K 297.1222 KHA A01444016 09/05/2018   Book
    PD07, Kg. Jelutong, Sik Pinjaman Kanak-kanak 24/03/2014     K 297.1222 KHA A01444017 09/05/2018   Book
    PD15, Kg. Naga, Kepala Batas Pinjaman Kanak-kanak 20/04/2014     K 297.1222 KHA A01439059 09/05/2018   Book
    PD24, Felda Bukit Tangga, Bukit Kayu Hitam Pinjaman Kanak-kanak 20/04/2014     K 297.1222 KHA A01439054 09/05/2018   Book
    PD27, Kg. Bendang Bukit, Pendang Pinjaman Kanak-kanak 20/04/2014     K 297.1222 KHA A01439055 09/05/2018   Book
    PD28, Kg. Paya Kerchut, Pendang Pinjaman Kanak-kanak 24/03/2014     K 297.1222 KHA A01444020 09/05/2018   Book
    PD35, Kg. Sungai Daun, Yan Pinjaman Kanak-kanak 24/10/2013     K 297.1222 KHA A01416643 09/05/2018   Book
    PD37, Kg. Belat, Pendang Pinjaman Kanak-kanak 24/10/2013     K 297.1222 KHA A01416644 09/05/2018   Book
    PD38, KEDA Tanjung Setol, Pendang Pinjaman Kanak-kanak 20/04/2014     K 297.1222 KHA A01439058 09/05/2018   Book
    PD39, Felda Bukit Tembaga, Kuala Nerang Pinjaman Kanak-kanak 24/10/2013     K 297.1222 KHA A01416645 09/05/2018   Book